000 00611nam a2200217Ia 4500
005 20250508165252.0
008 008 250505s9999 xx 000 0 eng d
020 _a0-412-44630-8
037 _aTextBook
040 _aFEDL
_beng
_cFEDL
041 _aeng
_2eng
084 _a370.15, CAR/R
_qFEDL
100 _aCarlile Orison
_9780345
245 0 _aApproaches to creativity: A guide for teachers
260 _aEngland
_bMcGraw- Hill Education
_c2012
300 _a313p.
365 _aINR
_b2202
700 _a Jordan Anne
_9780346
942 _cTB
_h370.15, CAR/R
999 _c1394153
_d1394153